| 000 | 00465nam a22001217a 4500 | ||
|---|---|---|---|
| 999 |
_c9383 _d9383 |
||
| 003 | OSt | ||
| 008 | 201203b ||||| |||| 00| 0 eng d | ||
| 245 | _aDESIDOC Journal Of Library And Information Technology | ||
| 250 | _a2008( Jul Vol.28 No.4, Nov Vol.28 No.6 ) 2009( Jan Vol.29 No.1, March Vol.29 No.2, Jul Vol.29 No.4, Nov Vol.29 No.6 ) | ||
| 260 |
_aNew Delhi _bDefence Scientific Information And Documentation Centre |
||
| 650 | _aApplied Science | ||
| 942 |
_2ddc _cBV |
||